| 000 | 00555nam a22001697a 4500 | ||
|---|---|---|---|
| 003 | NUST | ||
| 038 | _aNusrat Nadeem | ||
| 082 | _a200 | ||
| 100 |
_aKhan,Haris Ahmed _9124162 |
||
| 245 |
_aCharacterization of dsRNA Mycoviruses Infecting Plant Pathogenic Fungi/ _cHaris Ahmed Khan |
||
| 264 |
_aIslamabad; _bASAB NUST; _c2022 |
||
| 300 |
_a192,p; _bill; _c30,cm. |
||
| 650 |
_aPhD-Plant Biotechnology _9123759 |
||
| 700 |
_aSupervisor:Dr.Muhammad Faraz Bhatti _9123213 |
||
| 856 | _uhttp://10.250.8.41:8080/xmlui/handle/123456789/34000 | ||
| 942 |
_2ddc _cSC |
||
| 999 |
_c610108 _d610108 |
||